ბათუმის შოთა რუსთაველის სახელმწიფო უნივერსიტეტის ბიბლიოთეკა

კერამიკული ტარა გონიო-აფსაროსიდან : (ბიბ.ჩანაწერი № 59697)

000 -ლიდერი
ფიქსირებული სიგრძის საკონტროლო ველი 01166nam a22002177a 4500
003 - საკონტროლო ნომრის იდენტიფიკატორი
საკონტროლო ველი Ge_BSU
005 - ბოლო ოპერაციის თარიღი და დრო
საკონტროლო ველი 20230403171142.0
008 - ფიქსირებული სიგრძის მონაცემთა ელემენტები - ზოგადი ინფორმაცია
ფიქსირებული სიგრძის საკონტროლო ველი 230403s2002 ge ||||| |||| 00| 0 geo d
020 ## - წიგნის საერთაშორისო სტანდარტული ნომერი
International Standard Book Number 1854442449
041 ## - ენის კოდი
Language code of text/sound track or separate title geo
080 ## - უნივერსალური ათობითი კლასიფიკაციის ინდექსი
Universal Decimal Classification number 902(479.223) ხ-20
100 ## - მთავარი ჩანაწერი - პიროვნების სახელი
Personal name ხალვაში, მერაბ
9 (RLIN) 17448
245 ## - ცნობა სათაურის შესახებ
Title კერამიკული ტარა გონიო-აფსაროსიდან :
Remainder of title ნაშრომი II /
Statement of responsibility, etc მერაბ ხალვაში ; სარედ.კოლეგია ა. კახიძე, გ. ლორთქიფანიძე, გ. გრიგოლია, ვ, ჯაფარიძე და სხვ.
264 ## - წარმოების, გამოცემის, დისტრიბუციის და სხვა ცნობები
გამოცემის, წარმოების, დისტრიბუციის... ადგილი ბათუმი,
გამოცემის, წარმოების, დისტრიბუციის... სახელწოდება ''აჭარა'',
გამოცემის, წარმოების, დისტრიბუციის... თარიღი 2002.
300 ## - ფიზიკური აღწერა
Extent 90 გვ. :
Other physical details ილ.
Dimensions 29 სმ.
700 ## - ADDED ENTRY--PERSONAL NAME
Personal name კახიძე, ა.
Relator term რედაქტორი
9 (RLIN) 17449
700 ## - ADDED ENTRY--PERSONAL NAME
Personal name ლორთქიფანიძე, გ.
Relator term რედაქტორი
9 (RLIN) 1484
700 ## - ADDED ENTRY--PERSONAL NAME
Personal name გრიგოლია, გ.
Relator term რედაქტორი
9 (RLIN) 1558
700 ## - ADDED ENTRY--PERSONAL NAME
Personal name ჯაფარიძე, ვ. და სხვ.
Relator term რედაქტორი
9 (RLIN) 17450
942 ## - ADDED ENTRY ELEMENTS (KOHA)
Source of classification or shelving scheme
Koha item type წიგნი
ეგზემპლარები
ჩამოწერის სტატუსი დაკარგული ეგზემპლარის სტატუსი კლასიფიკაციის წყარო ან თაროზე გაწყობის სქემა დაზიანების სტატუსი არ გაიცემა მუდმივი მდებარეობა (დაცვის ადგილი) ამჟამინდელი ადგილსამყოფელი თაროზე განთავსების ადგილი შეძენის თარიღი ღირებულება, შესყიდვის ნორმალური ფასი სრული შენახვის შიფრი შტრიხკოდი ბოლო ოპერაციის თარიღი ეგზემპლარის მიმდევრობითი ნომერი (კეტერი?) Uniform Resource Identifier ფასის ძალაში შესვლის თარიღი ეგზემპლარის სახეობა საჯარო შენიშვნა
          ბათუმის შოთა რუსთაველის სახელმწიფო უნივერსიტეტის მთავარი ბიბლიოთეკა ბათუმის შოთა რუსთაველის სახელმწიფო უნივერსიტეტის მთავარი ბიბლიოთეკა წიგნსაცავი 2023-04-03 5.00 902(479.223) ხ-20 64169 2023-04-03 64169 ბსუ-ს საპატიო დოქტორის გურამ ლორთქიფანიძის საჩუქარი 2023-04-03 წიგნი 5 ლ.